000
00266nam a2200109Ia 4500
008
220204s9999 xx 000 0 und d
082
_a
82-3
_b
NAR
100
_a
Narayan, R K
245
0
_a
Bachelor of arts
260
_a
Mysore
_b
Indian thought Publn
_c
1982
942
_c
BK
999
_c
38772
_d
38772